Teoría de la forma de los actos jurídicos en derecho público : los actos de la Administración y de los Tribunales / Miguel Montoro Puerto los actos de la Administración y de los Tribunales / Miguel Montoro Puerto
ISBN:
84-268-0393-8
Descripción Física:
191 p. ; 22 cm
MARC
| LEADER | 00000nam a2200000Ia 4500 | ||
|---|---|---|---|
| 001 | 20062 | ||
| 008 | 160829s1976 xx 000 0 cat d | ||
| 020 | |a 84-268-0393-8 | ||
| 080 | |a D-4-6 | ||
| 100 | |a Montoro Puerto, Miguel |9 25160 | ||
| 245 | |a Teoría de la forma de los actos jurídicos en derecho público : |b los actos de la Administración y de los Tribunales / Miguel Montoro Puerto | ||
| 260 | |a Alcoy : |b Marfil, |c 1976 | ||
| 300 | |a 191 p. ; |c 22 cm | ||
| 650 | 0 | |a Actes administratius |z Espanya |9 10659 | |
| 650 | |a Actes jurídics |x Espanya |9 45227 | ||
| 901 | |a Arxiu | ||
| 942 | |n 1 | ||
| 952 | |0 1 |1 0 |2 udc |4 0 |5 2 |6 D46 |7 1 |9 52458 |a Arxiu |b Arxiu |d 2016-12-01 |l 0 |o D-4-6 |p 20062 |r 2016-12-01 00:00:00 |w 2016-12-01 |y ARXIU | ||
| 999 | |c 56306 |d 56306 | ||